<?xml version="1.0" encoding="UTF-8"?>
<collection xmlns="http://www.loc.gov/MARC21/slim">
 <record>
  <leader>00672nam a22002175a 4500</leader>
  <controlfield tag="001">EHU.bham025468</controlfield>
  <controlfield tag="008">130507s1950##################000#0#####d</controlfield>
  <controlfield tag="005">20240318084611.0</controlfield>
  <datafield tag="245" ind1="1" ind2="0">
   <subfield code="a">El extranjero /</subfield>
   <subfield code="c">Albert Camus ; trad. por Bonifacio Del Carril.</subfield>
  </datafield>
  <datafield tag="250" ind1=" " ind2=" ">
   <subfield code="a">2a. ed.</subfield>
  </datafield>
  <datafield tag="260" ind1=" " ind2=" ">
   <subfield code="a">Buenos Aires :</subfield>
   <subfield code="b">Emecé,</subfield>
   <subfield code="c">1950.</subfield>
  </datafield>
  <datafield tag="300" ind1=" " ind2=" ">
   <subfield code="a">157 p.</subfield>
  </datafield>
  <datafield tag="490" ind1="0" ind2=" ">
   <subfield code="a">Grandes Novelistas</subfield>
  </datafield>
  <datafield tag="100" ind1="1" ind2=" ">
   <subfield code="a">Camus, Albert</subfield>
  </datafield>
  <datafield tag="700" ind1="1" ind2=" ">
   <subfield code="a">Carril, Bonifacio del, trad.</subfield>
  </datafield>
  <datafield tag="082" ind1="8" ind2="4">
   <subfield code="a">843.9 C159-6</subfield>
  </datafield>
  <datafield tag="653" ind1=" " ind2=" ">
   <subfield code="a">Colección Lejarraga</subfield>
  </datafield>
  <datafield tag="653" ind1=" " ind2=" ">
   <subfield code="a">Literatura francesa</subfield>
  </datafield>
  <datafield tag="653" ind1=" " ind2=" ">
   <subfield code="a">Novela francesa</subfield>
  </datafield>
  <datafield tag="653" ind1=" " ind2=" ">
   <subfield code="a">Novela francesa-1901-</subfield>
  </datafield>
  <datafield tag="859" ind1=" " ind2=" ">
   <subfield code="a">AR-BHAM</subfield>
   <subfield code="b">BIB. HUMANIDADES - General</subfield>
   <subfield code="h">843.9</subfield>
   <subfield code="i">C159-6</subfield>
   <subfield code="p">122.03</subfield>
   <subfield code="t">Ej.1</subfield>
  </datafield>
 </record>
</collection>
